000 00718nam a2200241Ia 4500
003 OSt
005 20250609155549.0
008 210210b2009 xxu||||| |||| 00| 0 eng d
040 _cAL
041 _aKannada
082 _a792K AKSR
100 _aAKSHARA (K V)
_dಅಕ್ಷರ (ಕೆ ವಿ)
_9213652
245 _aRangabhumiya mukhantara: lekhana sankalana
_bರಂಗಭೂಮಿಯ ಮುಖಾಂತರ: ಲೇಖನ ಸಂಕಲನ
260 _aSAgara
_bAkshara Prakashana
_c2009
300 _a248
650 _asankalana
_9213653
650 _aRangabhUmiya
_9213654
650 _amukhAntara:
_9213655
650 _alEkhana
_9213656
690 _aTheatre
_9213657
906 _a066386
942 _2ddc
_cBK
999 _c89790
_d89790